000
00339nam a2200157Ia 4500
001
16851
003
IN-NITTTR
005
20251114233159.0
008
251113s9999||||xx |||||||||||||| ||eng||
040
_b
eng
040
_c
IN-NITTTR
041
_a
eng
082
_a
746.44 E16
245
0
_a
Embroidery 48 new designs. /
942
_2
ddc
_c
BK
999
_c
19485
_d
19485